000
00255nam a2200097Ia 4500
008
240331s9999 xx 000 0 und d
082
_b
HER
100
_a
Herskovits, M.F
245
0
_a
Culturalanthropology :
_b
abridged revision of man and his works
942
_c
L
999
_c
2094
_d
2094